|
|
|
|
| LEADER |
01038nam a2200253 a 4500 |
| 001 |
GR-Antirio1140 |
| 008 |
150304s1985 xxu g b 001 0 eng d |
| 020 |
|
|
|a 0130447366
|
| 040 |
|
|
|a GrPaTEI
|b gre
|c GR-PaULI
|
| 040 |
|
|
|a GrPaTEI
|b gre
|c GR-PaULI
|
| 082 |
|
0 |
|a 621.392
|2 21
|
| 100 |
1 |
|
|a Lippiatt, Arthur G.
|
| 245 |
1 |
4 |
|a The architecture of small computer systems /
|c Arthur G. Lippiatt and Graham G. L. Wright.
|
| 250 |
|
|
|a 2nd ed.
|
| 260 |
|
|
|a Englewood Cliffs, N.J. :
|b Prentice Hall,
|c 1985
|
| 300 |
|
|
|a xiv, 206 σ. :
|b εικ.
|
| 504 |
|
|
|a Περιλαμβάνει βιβλιογραφίες και ευρετήριο.
|
| 650 |
|
0 |
|a Computer architechure
|
| 650 |
|
0 |
|a Microcomputers
|
| 700 |
1 |
|
|a Wright, Graham G. L.
|
| 942 |
|
|
|2 ddc
|
| 952 |
|
|
|0 0
|1 0
|2 ddc
|4 0
|6 621_392000000000000_LIP
|7 0
|9 263035
|a LISK-2
|b LISK-2
|c BSC
|d 2021-01-17
|e 24
|f 0
|g 0.00
|l 0
|o 621.392 LIP
|p 2430000008864
|r 2021-01-17 00:00:00
|t 1
|w 2021-01-17
|y BK15
|x 20150304 0 ΧΑΣΑΝΗ 1
|x GrPaTEI - Antirrio
|
| 971 |
|
|
|a .b25709392
|b 15-04-20
|c 12-09-16
|
| 999 |
|
|
|c 151466
|d 151466
|